| 000 | 01100nam0a2200325 4500 | ||
|---|---|---|---|
| 001 | RU\NLR\BIBL_A\011697969 | ||
| 005 | 20180525113857.0 | ||
| 010 |
_a978-5-00116-149-3 _93000 |
||
| 021 |
_aRU _bКН-П-18-027048 _9КН-П-18-1968 |
||
| 035 | _a(NLR Aleph) 011697969 | ||
| 035 | _a(RuMoRGB)009604642 | ||
| 090 |
_a11373720 _c11373720 |
||
| 100 | _a20180511d2018 e y0rusy50 ca | ||
| 101 | 0 | _arus | |
| 102 | _aRU | ||
| 105 | _aa z y | ||
| 200 | 1 |
_aГипертония. Причины, профилактика, лечение _fЛилия Савко |
|
| 210 |
_aСанкт-Петербург [и др.] _cПитер _d2018 |
||
| 215 |
_a191, [1] с. _cил., табл. _d20 |
||
| 225 | 1 | _aСоветы врача | |
| 333 | _a16+ | ||
| 606 | 1 |
_aГипертоническая болезнь _2nlr_sh1 _2nlr_sh2 _3RU\NLR\AUTH\669518 |
|
| 686 |
_aР410.030я9 _2rubbk |
||
| 686 | 1 | _aР410.030 | |
| 700 | 1 |
_aСавко _bЛ. М. _gЛилия Мефодьевна |
|
| 942 | _cBOOK | ||
| 980 | _aNBR | ||
| 980 | _aNB | ||